=LDR 00000nam 2200000 4500 =001 INLIS000000000058132 =005 20210818074425 =035 ##$$a 0010-0821000057 =007 ta =008 210818###########################0#ind## =020 ##$$a 979-3988-09-6 =082 ##$$a 320.4 =084 ##$$a 320.4 Muh k =245 1#$$a Kebijakan Publik /$c Drs. Muhammad Ali,M.Si. =250 ##$$a Cet.1 =300 ##$$a ix,139 halaman ; $c 21 cm =650 #4$$a Ilmu Politik-Pemerintahan =264 ##$$a Yogyakarta :$b Genta Press,$c 2006 =336 ##$$a teks$2 rdacontent =337 ##$$a lain-lain$2 rdamedia =338 ##$$a lain-lain$2 rdacarrier =990 ##$$a 06950695